my singing monsters 2 elements - Statistics

General Stats
  • This quiz has been taken 8 times
  • The average score is 35 of 50
Answer Stats
Answer % Correct
Cybop
100%
Dandidoo
100%
Drumpler
100%
Furcorn
100%
Fwog
100%
Maw
100%
Oaktopus
100%
Pango
100%
Quibble
100%
Shrubb
100%
Boskus
86%
Flowah
86%
Glowl
86%
Phangler
86%
Stogg
86%
Bonkers
71%
Bulbo
71%
Jellbilly
71%
Pluckbill
71%
Poppette
71%
Whisp
71%
Yuggler
71%
Bellowfish
57%
Bleatnik
57%
Boodoo
57%
Cahoot
57%
Cranchee
57%
Denchuhs
57%
Dragong
57%
Fung pray
57%
Gob
57%
Hawlo
57%
HippityHop
57%
Kazilleon
57%
Knucklehead
57%
Nebulob
57%
Osstax
57%
Peckidna
57%
Pinghound
57%
Roarick
57%
shLep
57%
Sporerow
57%
Squot
57%
Wheezel
57%
Wimmzies
57%
Xyster
57%
Deja-jin
43%
Knurv
43%
Sox
43%
Arackulele
29%
No matching quizzes found
Score Distribution
Percent of People with Each Score
Percentile by Number Answered
Your Score History
You have not taken this quiz